Geografía de la población con fundamentos de demografía

Furkejuvvon:
Bibliográfalaš dieđut
Váldodahkki: Alexéev, Alexandr (Dahkki)
Materiálatiipa: Girji
Giella:espánnjágiella
Almmustuhtton: Moscú Progreso 1987
Fáttát:
Fáddágilkorat: Lasit fáddágilkoriid
Eai fáddágilkorat, Lasit vuosttaš fáddágilkora!

MARC

LEADER 00000cam a2200000 a 4500
001 UCI5996
003 CL-VaPUC
008 080418e19870000ru |||||||||||||||||spa|d
082 0 4 |a 304.6  |b ALE  |2 21 
100 0 |a Alexéev, Alexandr  |e author  |9 528692 
245 1 0 |a Geografía de la población con fundamentos de demografía 
300 |a 234 p 
942 |c BK 
945 |d 20080418 00:00:00  |a rbrito 
260 |a Moscú  |b Progreso  |c 1987 
650 0 |a Demografía   |9 260008 
650 7 |a ESTRUCTURAS DEMOGRAFICAS  |2 CL-VaPUC  |9 528693 
650 7 |a DINAMICA POBLACIONAL  |2 CL-VaPUC  |9 357685 
650 7 |a POLITICA DEMOGRAFICA  |2 CL-VaPUC  |9 338263 
650 0 |a Poblaciones  |9 338556 
650 0 |a Urbanización   |9 265706 
583 |a last modification  |c 20141022 11:27:24  |k Rodrigo Vera 
999 |c 329629  |d 329627 
952 |0 0  |1 0  |4 0  |6 304_600000000000000_ALE_1987  |7 0  |8 A  |9 414559  |a BIBING  |b BIBING  |d 2019-11-22  |i 4429192  |o 304.6 ALE 1987  |p 4429192  |r 2025-01-20  |w 2019-11-22  |y BK  |k GEO 
952 |0 0  |1 0  |4 0  |6 304_600000000000000_ALE_1987  |7 0  |8 A  |9 414560  |a BIBING  |b BIBING  |d 2019-11-22  |i 4657845  |o 304.6 ALE 1987  |p 4657845  |r 2025-01-20  |w 2019-11-22  |y BK  |k GEO 
952 |0 0  |1 0  |3 erb  |4 0  |6 304_600000000000000_ALE_1987  |7 0  |8 A  |9 414561  |a BIBING  |b BIBING  |i 5068932  |o 304.6 ALE 1987  |p 5068932  |r 2025-01-20  |w 2019-11-22  |y BK  |k GEO